|
|
|
|
| LEADER |
01150nam a2200265 a 4500 |
| 001 |
575105 |
| 008 |
091112s1989 enka 001 0 eng d |
| 010 |
|
|
|a 98037838
|
| 020 |
|
|
|a 1895016002
|
| 020 |
|
|
|z 0969350805
|
| 040 |
|
|
|a CaOONL
|b eng
|c CaOONL
|d BD-DhAAL
|
| 082 |
0 |
4 |
|a 338/.04
|2 21
|
| 245 |
1 |
0 |
|a Readings in entrepreneurship and small business development :
|b Articles sur l’entrepreneurship et le developpement de la petite entreprise /
|c edited by Raymond W.Y. Kao.
|
| 260 |
|
|
|a Ottawa :
|b National Entrepreneurship Development Institute,
|c 1989
|
| 300 |
|
|
|a 215 p. :
|b ill. ;
|c 23 cm.
|
| 500 |
|
|
|a Abstracts and forward in English and French, one article in French.
|
| 504 |
|
|
|a Includes bibliographical references.
|
| 541 |
1 |
|
|e 00010353
|
| 650 |
|
0 |
|a Entrepreneurship
|
| 650 |
|
0 |
|a Small business.
|
| 700 |
1 |
|
|a Kao, Raymond W. Y.
|
| 710 |
2 |
|
|a National Entrepreneurship Development Institute (Ottawa, Ont.)
|
| 852 |
4 |
|
|a Ayesha Abed Library
|j General Shelf
|
| 999 |
|
|
|c 10749
|d 10749
|
| 952 |
|
|
|0 0
|1 0
|4 0
|6 338_040000000000000_REA
|7 0
|9 16167
|a BRACUL
|b BRACUL
|c GEN
|d 2011-04-21
|l 0
|o 338.04 REA
|p 3010010353
|r 2011-04-21
|t 1
|w 2011-04-21
|y BK
|x Available
|